The tabernacle: (Record no. 2507)

000 -LEADER
fixed length control field 00964nam a2200205 a 4500
001 - CONTROL NUMBER
control field :::00000232$&:&@@
003 - CONTROL NUMBER IDENTIFIER
control field OkBaRHE
005 - DATE AND TIME OF LATEST TRANSACTION
control field 20110512130702.0
008 - FIXED-LENGTH DATA ELEMENTS--GENERAL INFORMATION
fixed length control field s1955 j 000 0 eng u
040 ## - CATALOGING SOURCE
Transcribing agency
100 1# - MAIN ENTRY--PERSONAL NAME
Personal name DeHaan, M. R. (Martin Ralph), 1891-1964.
245 14 - TITLE STATEMENT
Title The tabernacle:
Remainder of title the house of blood.
260 ## - PUBLICATION, DISTRIBUTION, ETC. (IMPRINT)
Place of publication, distribution, etc Grand Rapids, MI., :
Name of publisher, distributor, etc Zondervan Publishing House
Date of publication, distribution, etc 1955
300 ## - PHYSICAL DESCRIPTION
Extent 185 p. ;
Dimensions 20 cm.
520 ## - SUMMARY, ETC.
Summary, etc Within the pages of this book, the three pictures of Christ, the believer, the plan of salvation are drawn with stimulating and expressive words to emphasize the message of "Christ in us, the hope of glory."
650 ## - SUBJECT ADDED ENTRY--TOPICAL TERM
Topical term or geographic name as entry element Sermons, American
General subdivision 20th century.
942 ## - ADDED ENTRY ELEMENTS (KOHA)
Source of classification or shelving scheme
Koha item type Books
Copies
Damaged status Current Location Withdrawn status Barcode Not for loan Lost status Date checked out Date last seen Total Checkouts Shelving location Price effective from Koha item type Source of classification or shelving scheme Copy number Full call number Date acquired Permanent Location
   15578   2010-04-14 General Stacks2010-04-14Books 2BV 4301 .D432010-04-14RHEMA Bible Training College
 RHEMA Bible Training College 232  2011-04-282011-05-121General Stacks2010-04-14Books 1BV 4301 .D432010-04-14RHEMA Bible Training College